000 00715nam a2200229 a 4500
999 _c6598
_d6598
001 6598
003 BD-JhCC
005 20180220114044.0
008 180127s1992 bg |||| || | 000 0 ben d
035 _a(BD-JhCC)6598
040 _aBD-JhCC
_dBD-JhCC
041 _aben
082 _a796
_bSWA 1992
100 _aস্বপন, সেয়দ মাজহারুল পারভেজ
245 _aক্রিকেট খেলা /
_cসৈয়দ মাজহারুল পারভেজ স্বপন,
260 _aঢাকা :
_bঅবধূত বইঘর
_c1992
300 _a62 p. :
_c20 cm.
650 _aSports and Games
650 _aCricket
942 _2ddc
_cBK